LEADER 00983nam a2200241 4500 001 000000340718 003 CaOOAMICUS 005 20200624092013.0 008 200624s2002 it 000 u ita r 020 $a88-382-3885-5 040 $aSeMil$bita 100 1 $aCastellani, Leandro,$d<1935- >.$0(OLS)http://semarc/name/57618 245 10$aCinema e spiritualitą cristiana / $cLeandro Castellani. 264 1$aRoma :$bStudium,$c2002. 300 $a177 p. ;$c21 cm 650 4$aCinema e religione.$0(OLS)http://semarc/subject/32653 830 3$aLa spiritualitą cristiana contemporanea ;$v4.$0(OLS)http://semarc/title/22538 850 $aSeMil 852 $aSeMil$W1$xVenegono$y1$m3M II 277$j221117$B232754$CSeMilBibl$Z2$F232754 $81 996 $6020$a88-382-3885-5$9(OLS)http://semarc/number/290617 996 $6245$aCinema e spiritualitą cristiana / $9(OLS)http://semarc/title/429786 996 $6264$aRoma :$bStudium$9(OLS)http://semarc/publisher/29617 LEADER 01126nam a2200205 i 4500 001 000000236352 003 CaOOAMICUS 005 20141201000000.0 008 141201s1890 it u000 u ita u 013 $a215256 040 $aSeMil$bita 100 1 $aCordelli, Enrico.$0(OLS)http://semarc/name/80722 245 12$aL'avvenire della patria nostra e l'insegnamento religioso nelle scuole d'Italia :$bconferenza letterario-educativa tenuta nella Biblioteca comunale di Licata il 29 giugno 1890 /$cProf. E. Cordelli. 260 $aPesaro :$bPremiato stab. tipo-lit. Federici,$c1890. 300 $a110 p. ;$c19 cm. 650 4$aReligione - Insegnamento - Sec. 19.$0(OLS)http://semarc/subject/11970 850 $aSeMil 852 $aSeMil$W1$xVenegono$y1$m3C II 125 FA$j186698$B186698$CSeMilBibl$Z2$F197433 $8I 996 $6245$aL'avvenire della patria nostra e l'insegnamento religioso nelle scuole d'Italia :$bconferenza letterario-educativa tenuta nella Biblioteca comunale di Licata il 29 giugno 1890$9(OLS)http://semarc/title/336837 996 $6260$aPesaro :$bPremiato stab. tipo-lit. Federici$9(OLS)http://semarc/publisher/54213